<?xml version="1.0" encoding="UTF-8"?>
<marc:record xmlns:marc="http://www.loc.gov/MARC21/slim">
   <marc:leader>00000nam a2200000 a 4500</marc:leader>
   <marc:datafield ind1="1" ind2=" " tag="100">
      <marc:subfield code="a">Armentrout, Jennifer L.</marc:subfield>
      <marc:subfield code="4">aut</marc:subfield>
      <marc:subfield code="e">Verfasser/-in</marc:subfield>
   </marc:datafield>
   <marc:datafield ind1=" " ind2=" " tag="653">
      <marc:subfield code="a">Weibliche Jugend</marc:subfield>
   </marc:datafield>
   <marc:datafield ind1=" " ind2=" " tag="653">
      <marc:subfield code="a">Liebesbeziehung</marc:subfield>
   </marc:datafield>
   <marc:datafield ind1=" " ind2=" " tag="653">
      <marc:subfield code="a">Erste Liebe</marc:subfield>
   </marc:datafield>
   <marc:datafield ind1="0" ind2="0" tag="245">
      <marc:subfield code="a">Blood and Ash</marc:subfield>
   </marc:datafield>
   <marc:datafield ind1="0" ind2="0" tag="245">
      <marc:subfield code="b">Jugend-Roman ab 16 Jahren</marc:subfield>
   </marc:datafield>
   <marc:datafield ind1=" " ind2="1" tag="264">
      <marc:subfield code="b">Wilhelm Heyne Verlag</marc:subfield>
      <marc:subfield code="c">2021</marc:subfield>
   </marc:datafield>
   <marc:datafield ind1="1" ind2=" " tag="490">
      <marc:subfield code="a">Liebe kennt keine Grenzen / Jennifer L. Armentrout</marc:subfield>
   </marc:datafield>
   <marc:datafield ind1="1" ind2=" " tag="520">
      <marc:subfield code="a">Klappentext: Poppy ist eine Auserwählte. Wenn sie den Segen der Götter erhält, wird sie die Einzige sein, die ihre Heimat vor dem Angriff des Verfluchten Königreiches retten kann. So will es die Tradition. So will es das Gesetz.  Das Leben einer Auserwählten ist einsam. Niemand darf sie ansehen, geschweige denn mit ihr sprechen oder sie berühren. Eines Tages wird der attraktive Hawke - mit den goldenen Augen, dem frechen Grinsen und den provokanten Sprüchen - Poppys Leibwache zugeteilt, und sie merkt, dass es in ihrem Leben so viel mehr geben könnte als nur ihr Amt. Dass sie ein Herz hat, eine Seele und die Sehnsüchte einer ganz normalen jungen Frau.  Als an den Landesgrenzen die Schatten der Verfluchten immer drohender werden, muss Poppy sich zwischen Liebe und Pflicht entscheiden ...  Über den Autor und weitere Mitwirkende Jennifer L. Armentrout ist eine der erfolgreichsten Autorinnen der USA. Immer wieder stürmt sie mit ihren Romanen - fantastische, realistische und romantische Geschichten für Erwachsene und Jugendliche - die Bestsellerlisten. Ihre Zeit verbringt sie mit Schreiben, Sport und Zombie-Filmen. In Deutschland hat sie sich mit ihrer »Obsidian«-Reihe und der »Wicked«- Saga eine riesige Fangemeinde erobert. Mit ihrer »Blood and Ash«-Reihe ist sie regelmäßig auf Platz 1 der SPIEGEL-Bestsellerliste zu finden. Die Autorin lebt mit ihrem Mann und zwei Hunden in West Virginia.</marc:subfield>
   </marc:datafield>
   <marc:datafield ind1=" " ind2=" " tag="020">
      <marc:subfield code="a">9783453321410</marc:subfield>
      <marc:subfield code="9">9783453321410</marc:subfield>
   </marc:datafield>
</marc:record>
